Construction output forecast 2010-2014 (Record no. 82607)

MARC details
000 -LEADER
fixed length control field 00800cad a22001935a 4500
001 - CONTROL NUMBER
control field L150689
008 - FIXED-LENGTH DATA ELEMENTS--GENERAL INFORMATION
fixed length control field 100817e2010 xxk 000 0 eng d
035 ## - SYSTEM CONTROL NUMBER
System control number (Sirsi) u150689
041 0# - LANGUAGE CODE
Language code of text/sound track or separate title eng
110 2# - MAIN ENTRY--CORPORATE NAME
Corporate name or jurisdiction name as entry element Leading Edge
9 (RLIN) 5902
245 00 - TITLE STATEMENT
Title Construction output forecast 2010-2014
Remainder of title summary
Medium [electronic resource]
260 ## - PUBLICATION, DISTRIBUTION, ETC.
Place of publication, distribution, etc. Wokingham
Name of publisher, distributor, etc. Leading Edge
Date of publication, distribution, etc. 2010
520 ## - SUMMARY, ETC.
Summary, etc. A twice-yearly full forecast for the UK Construction output.
590 ## - LOCAL NOTE (RLIN)
Local note KA NTK
651 #4 - SUBJECT ADDED ENTRY--GEOGRAPHIC NAME
Geographic name United Kingdom
Chronological subdivision
690 ## - LOCAL SUBJECT ADDED ENTRY--TOPICAL TERM (OCLC, RLIN)
Topical term or geographic name as entry element BUILT ENVIRONMENT-CONSTRUCTION MARKET
856 48 - ELECTRONIC LOCATION AND ACCESS
Uniform Resource Identifier <a href="https://www.lead-edge.co.uk/sites/default/files/attachments/Construction_Forecast_Aug_2010_Contents_and_Tables.pdf">https://www.lead-edge.co.uk/sites/default/files/attachments/Construction_Forecast_Aug_2010_Contents_and_Tables.pdf</a>
Public note View this item free of charge and obtain the cost and further details of the full forecast at www.lead-edge.co.uk
942 ## - ADDED ENTRY ELEMENTS (KOHA)
Suppress in OPAC 0
Holdings
Withdrawn status Lost status Source of classification or shelving scheme Damaged status Not for loan Home library Current library Shelving location Date acquired Total Checkouts Full call number Barcode Date last seen Copy number Price effective from Koha item type
    Dewey Decimal Classification     Virtual Virtual Online 17/08/2010   ONLINE PUBLICATION 150689-2001 06/08/2019 1 06/08/2019 Book